|
|
|
|
| LEADER |
00000nlm0a2200000 4500 |
| 001 |
183268 |
| 005 |
20240111135959.0 |
| 035 |
|
|
|a (RuTPU)RU\TPU\book\198665
|
| 090 |
|
|
|a 183268
|
| 100 |
|
|
|a 20100708d2009 k y0rusy50 ca
|
| 101 |
0 |
|
|a rus
|
| 102 |
|
|
|a RU
|
| 105 |
|
|
|a a j 100zy
|
| 135 |
|
|
|a drnn ---uucaa
|
| 181 |
|
0 |
|a i
|
| 182 |
|
0 |
|a b
|
| 200 |
1 |
|
|a Комплексное решение задач автоматизации химико-аналитических служб предприятий госкорпорации "Росатом" с помощью лабораторной информационно-управляющей системы "Химик-аналитик"
|e доклад на V Межотраслевом научно-техническом совещании "Проблемы и перспективы развития химического и радиохимического контроля в атомной энергетике" ("Атомэнергоаналитика-2009"), Сосновый Бор, Ленинградская область, 22-24 сентября 2009 г.
|f Е. С. Арестова [и др.]
|g Томский политехнический университет (ТПУ), Научно-исследовательский институт высоких напряжений (НИИВН)
|
| 203 |
|
|
|a Текст
|c электронный
|
| 210 |
|
|
|a Санкт-Петербург
|c ВВМ
|d 2009
|
| 215 |
|
|
|a 1 файл (2,7 Mб)
|
| 300 |
|
|
|a Заглавие с титульного листа
|
| 337 |
|
|
|a Adobe Reader
|
| 606 |
1 |
|
|a Атомная энергетика
|2 stltpush
|3 (RuTPU)RU\TPU\subj\29676
|9 52954
|
| 610 |
1 |
|
|a ЛИУС
|
| 610 |
1 |
|
|a Химик-аналитик
|
| 610 |
1 |
|
|a испытательные лаборатории
|
| 610 |
1 |
|
|a труды учёных ТПУ
|
| 610 |
1 |
|
|a доклады
|
| 610 |
1 |
|
|a электронный ресурс
|
| 675 |
|
|
|a 621.039(063)
|v 3
|
| 701 |
|
1 |
|a Арестова
|b Е. С.
|g Елена Сергеевна
|
| 701 |
|
1 |
|a Терещенко
|b А. Г.
|c химик-технолог
|c заведующий лабораторией Томского политехнического университета, кандидат технических наук
|f 1946-
|g Анатолий Георгиевич
|3 (RuTPU)RU\TPU\pers\25305
|4 070
|9 11303
|
| 701 |
|
1 |
|a Терещенко
|b В. А.
|c российский учёный в области химических технологий
|c ведущий специалист Томского политехнического университета
|g Василий Анатольевич
|3 (RuTPU)RU\TPU\pers\26573
|4 070
|
| 701 |
|
1 |
|a Щелканов
|b С. В.
|c специалист в области проектирования и разработки корпоративных информационных систем
|c инженер-программист Томского политехнического университета, аспирант
|f 1985-
|g Сергей Владимирович
|3 (RuTPU)RU\TPU\pers\27094
|4 070
|
| 701 |
|
1 |
|a Юнак
|b А. Л.
|c специалист в области информатики и вычислительной техники
|c ведущий программист Томского политехнического университета
|f 1946-
|g Александр Львович
|3 (RuTPU)RU\TPU\pers\26496
|4 070
|
| 712 |
1 |
2 |
|a Проблемы и перспективы развития химического и радиохимического контроля в атомной энергетике
|c научно-техническое совещание
|e Санкт-Петербург
|f 2009
|
| 712 |
0 |
2 |
|a Томский политехнический университет (ТПУ)
|b Научно-исследовательский институт высоких напряжений (НИИВН)
|3 (RuTPU)RU\TPU\col\3249
|
| 801 |
|
2 |
|a RU
|b 63413507
|c 20130904
|g PSBO
|
| 856 |
4 |
|
|u http://www.lib.tpu.ru/fulltext/m/2010/m24.pdf
|
| 942 |
|
|
|c CF
|